000 00433nmm a2200133 a 4500
001 ASINB00EAFF1XW
005 20140909194153.0
008 140909s1985 xxu eng d
100 1 _aFair weather,Virginia.
245 1 0 _aCivil engineering /
_cVirginia Fair Weather.
260 _aBrigton :
_bABC coating company,
_c1985.
300 _a146 p.
856 4 0 _3Amazon.com
_uhttp://www.amazon.com/exec/obidos/ASIN/B00EAFF1XW/chopaconline-20
999 _c9624
_d9624